000 00504nam a2200193 a 4500
001 5263
003 CO-ViMGA
008 141112s2004 ck r 000 u spa d
040 _aCO-ViMGA
_bspa
_cCO-ViMGA
082 0 4 _a863.64 B155p
100 1 _aBallaz Zabala, Jesus
_93568
245 1 0 _aPaloalto y los hombres extraordinarios
250 _a2a
260 _aBarcelona :
_bLabor,
_c1986
300 _a89 p : il
490 _aBolsillo juvenil, 41
650 1 4 _aCUENTOS ESPAÑOLES
_93223
942 _2ddc
_cBK
999 _c17260
_d17260